Guidelines for Test and Trials of Shipboard Air-Conditioning Systems (Record no. 1825)

000 -LEADER
fixed length control field 00696nam a2200241 a 4500
007 - PHYSICAL DESCRIPTION FIXED FIELD--GENERAL INFORMATION
fixed length control field ta
008 - FIXED-LENGTH DATA ELEMENTS--GENERAL INFORMATION
fixed length control field 200120s1981 ii ||||g u|||f00| 0 eng d
020 ## - INTERNATIONAL STANDARD BOOK NUMBER
Terms of availability Rs. 210.00
040 ## - CATALOGING SOURCE
Original cataloging agency IMU Kochi Library
Language of cataloging eng
041 0# - LANGUAGE CODE
Language code of text/sound track or separate title eng
082 04 - DEWEY DECIMAL CLASSIFICATION NUMBER
Edition number 23
Classification number 623.853
Item number IS9734:1981
110 2# - MAIN ENTRY--CORPORATE NAME
Corporate name or jurisdiction name as entry element Indian Standards Institution
245 10 - TITLE STATEMENT
Title Guidelines for Test and Trials of Shipboard Air-Conditioning Systems
260 ## - PUBLICATION, DISTRIBUTION, ETC. (IMPRINT)
Place of publication, distribution, etc New Delhi :
Name of publisher, distributor, etc Indian Standards Institution,
Date of publication, distribution, etc 1981
300 ## - PHYSICAL DESCRIPTION
Extent 15 p. ;
Dimensions 30 cm.
490 0# - SERIES STATEMENT
Series statement Indian Standard ;
Volume number/sequential designation IS 9734: 1981
650 #0 - SUBJECT ADDED ENTRY--TOPICAL TERM
Topical term or geographic name as entry element Ships
General subdivision Air conditioning
-- Testing
-- Standards
650 #0 - SUBJECT ADDED ENTRY--TOPICAL TERM
Topical term or geographic name as entry element Shipbuilding
General subdivision Standards
852 ## - LOCATION/CALL NUMBER
Location IMU Kochi Library
904 ## - LOCAL DATA ELEMENT D, LDD (RLIN)
CATALOGER Rudra Ranjan
905 ## - LOCAL DATA ELEMENT E, LDE (RLIN)
VERIFIER Rudra Ranjan
942 ## - ADDED ENTRY ELEMENTS (KOHA)
Item type Reference book
Holdings
Withdrawn status Lost status Source of classification or shelving scheme Damaged status Not for loan Collection code Permanent location Current location Shelving location Date acquired Source of acquisition Cost, normal purchase price Full call number Barcode Date last seen Koha item type Public note
          Standards IMU Kochi Library IMU Kochi Library General Stacks 2016-05-05 M/s Sterling Book House (Inv. No. 21/1617/INV Dt. 2016-04-05) 210.00 623.853 IS9734:1981 BK001501 2020-01-20 Reference book REF Shelf No. 1


Copyright © All Rights Reserved by Indian Maritime University, Kochi Campus.
For any Suggestions/Query Contact to library or Email: library.kochi@imu.ac.in Ph:(0484)-2989402
(Web OPAC Designed by Rudra Ranjan. Maintained by IMU Kochi Library)

Powered by Koha